Recent Advances in Environmental Management

Bibliographic Details
Other Authors: Bharagava, Ram Naresh (Editor)
Format: Book
Language:English
Published: Boca Raton, Florida : CRC Press 2019
Edition:First edition
Subjects:

MARC

LEADER 00000cam a2200000 7i4500
001 0000099047
005 20201117093000.0
008 200812s2019 flu eng
020 |a 9780815383147 
040 |a UniSZA   |e rda 
050 0 0 |a TD192.5   |b .R43 2019 
090 0 0 |a TD192.5   |b .R43 2019 
245 0 0 |a Recent Advances in Environmental Management   |c Ram Naresh Bharagava 
250 |a First edition 
264 1 |a Boca Raton, Florida :   |b CRC Press   |c 2019 
300 |a xvi,529pages ;   |c 24cm. 
336 |a text  |2 rdacontent 
337 |a unmediated  |2 rdamedia 
338 |a volume  |2 rdacarrier 
504 |a Includes bibliographical references 
505 0 |a 1. Industrial wastewaters:The major sources of dye contamination in the environment,ecotoxicological effects and bioremediation approaches -- 2. Groundwater pollution by emerging industrial pollutants and its remediation techniques -- 3. Textile industry wastewater: Environmental and health hazards and treatment approaches -- 4. Environmental pollution from acid mine drainage and its mitigation approaches -- 5. Nanotechnology: An emerging technology for bioremediation of environmental pollutants 
650 0 |a Bioremediation 
650 0 |a Environmental management 
650 0 |a Hazardous waste site remediation 
650 0 |a Phytoremediation 
700 1 |a Bharagava, Ram Naresh ,   |e editor 
999 |a 1000180357   |b Book   |c Open Shelf (1 Day)   |e Tembila Campus